[Event "DEM U10 2019"]
[Site "Willingen GER"]
[Date "2019.06.10"]
[Round "4"]
[White "Kuhlmann, Nils Magnus"]
[Black "Barthel, Jacob"]
[Result "1-0"]
[Termination "normal"]
[Board "25"]
[WhiteElo "1227"]
[BlackElo "1150"]
[PlyCount "75"]
[WhiteFideId "16287177"]
[BlackFideId "16273346"]
[EventCountry "GER"]
[EventRounds "11"]
[EventType "swiss"]
[EventDate "2019.06.08"]

1. e4 e5 2. Nf3 Nc6 3. Bc4 Bc5 4. c3 d6 5. d4 exd4 6. cxd4 Bb6 7. Ng5 Ba5+ 8.
Nc3 Be6 9. d5 Bxc3+ 10. bxc3 Qe7 11. dxe6 fxe6 12. O-O O-O-O 13. Nf3 Nf6 14.
Re1 g5 15. Qb3 Kb8 16. Rb1 b6 17. Qb5 Na5 18. Qxa5 g4 19. Nd4 Ka8 20. Qb5 Qd7
21. Qc6+ Qxc6 22. Nxc6 Rdf8 23. Bh6 Re8 24. Bg7 Rhg8 25. Bxf6 g3 26. hxg3 Rg6
27. Bd4 e5 28. Bf7 exd4 29. Bxe8 Rf6 30. cxd4 h5 31. e5 dxe5 32. dxe5 Re6 33.
Bd7 Rxe5 34. Rxe5 h4 35. Re8+ Kb7 36. Na5+ Ka6 37. Nc4 h3 38. Bc8# 1-0

[Event "DEM U10 2019"]
[Site "Willingen GER"]
[Date "2019.06.10"]
[Round "4"]
[White "Herrmann, Arthur"]
[Black "Mühlbauer, Adrian"]
[Result "1-0"]
[Termination "normal"]
[Board "26"]
[WhiteElo "1233"]
[BlackElo "1193"]
[PlyCount "118"]
[WhiteFideId "16287150"]
[BlackFideId "16287223"]
[EventCountry "GER"]
[EventRounds "11"]
[EventType "swiss"]
[EventDate "2019.06.08"]

1. e4 e5 2. Nf3 Nc6 3. Bb5 a6 4. Ba4 Nf6 5. O-O Bc5 6. h3 O-O 7. Re1 b5 8. Bb3
d6 9. c3 Bb7 10. d4 Bb6 11. Bg5 h6 12. Bh4 Ne7 13. Bxf6 gxf6 14. Qd2 Kh7 15.
Nh4 Rg8 16. Bxf7 Rg7 17. Bb3 Qe8 18. Kh2 Qh5 19. Nf3 Rag8 20. Bxg8+ Rxg8 21.
Qd3 Qg6 22. g3 Qh5 23. Nh4 Bc8 24. Qf3 Qg5 25. Rd1 Be6 26. Na3 Bf7 27. Nf5 Ng6
28. Qg4 Qxg4 29. hxg4 Nf8 30. f3 Ne6 31. Rd2 Ng5 32. Kg2 h5 33. Rh1 Bxa2 34.
dxe5 fxe5 35. Rxh5+ Kg6 36. Ne7+ Kf6 37. Nxg8+ Bxg8 38. Re2 Bf7 39. Rh1 d5 40.
Rd1 dxe4 41. fxe4 Be6 42. Rf1+ Kg6 43. Ree1 Bxg4 44. Rf8 Bh3+ 45. Kh1 Bg4 46.
Ref1 Nxe4 47. Rg8+ Kh5 48. Kg2 Ng5 49. Rh1+ Bh3+ 50. Rxh3+ Nxh3 51. Kxh3 c5 52.
g4+ Kh6 53. Kh4 e4 54. g5+ Kh7 55. Re8 e3 56. Rxe3 b4 57. cxb4 cxb4 58. Re7+
Kg8 59. Nc4 Bd4 1-0

[Event "DEM U10 2019"]
[Site "Willingen GER"]
[Date "2019.06.10"]
[Round "4"]
[White "Detjen, Mattes"]
[Black "Shkundin, Maximilian"]
[Result "1/2-1/2"]
[Termination "normal"]
[Board "27"]
[WhiteElo "1296"]
[BlackElo "1224"]
[PlyCount "46"]
[WhiteFideId "16235690"]
[BlackFideId "16287258"]
[EventCountry "GER"]
[EventRounds "11"]
[EventType "swiss"]
[EventDate "2019.06.08"]

1. e4 c5 2. c3 d6 3. d4 cxd4 4. cxd4 e6 5. Nf3 Nf6 6. Nc3 Be7 7. Bc4 O-O 8. O-O
Bd7 9. e5 Ne8 10. Qd3 Nc6 11. exd6 Nxd6 12. Bb3 Nf5 13. Bc2 Nb4 14. Qe4 Bc6 15.
d5 Bxd5 16. Nxd5 Nxd5 17. Rd1 Qc7 18. Qe2 Nd6 19. Bg5 Bxg5 20. Nxg5 h6 21. Nxe6
Qe7 22. Qd3 fxe6 23. Qh7+ Kf7 1/2-1/2

[Event "DEM U10 2019"]
[Site "Willingen GER"]
[Date "2019.06.10"]
[Round "4"]
[White "Rau, Eduard"]
[Black "Lumma, Justus"]
[Result "1-0"]
[Termination "normal"]
[Board "28"]
[WhiteElo "1221"]
[BlackElo "1077"]
[PlyCount "69"]
[WhiteFideId "16287231"]
[BlackFideId "16287193"]
[EventCountry "GER"]
[EventRounds "11"]
[EventType "swiss"]
[EventDate "2019.06.08"]

1. e4 Nc6 2. d4 d5 3. e5 f6 4. Nf3 Bg4 5. Bf4 g5 6. Bg3 Qd7 7. h3 Bh5 8. Be2
Bh6 9. Nc3 g4 10. Nd2 f5 11. hxg4 Bxg4 12. f3 f4 13. Bf2 Bf5 14. Nb3 b6 15. Bd3
Nb4 16. Bxf5 Qxf5 17. Nb5 Kd8 18. Na3 Bf8 19. Qd2 e6 20. Qc3 Na6 21. O-O-O Nb4
22. Kb1 Qg5 23. Bh4 Qxh4 24. Rxh4 Nh6 25. Nb5 c6 26. Nd6 a5 27. Rxh6 Bxh6 28.
Nf7+ Ke7 29. Nxh8 Rxh8 30. a3 Na6 31. Qxc6 Rb8 32. Rh1 Bg7 33. Rxh7 Kf7 34.
Qd7+ Kg8 35. Qxg7# 1-0